Morceaux - Dooz Kawa - Statistiques

Statistiques générales
  • Ce quiz a été pris 2 fois
  • Le résultat moyen est 11 sur 116
Statistiques - réponses
Album Morceaux % Correct
Contes cruels Fleurs de cerisiers
100%
Vol de nuit L'Éléphant blanc
100%
Nomad's Land Arcueil Cachan
50%
Vol de nuit Bad Boy
50%
Narcozik 1 Berceuz pour insomniaks
50%
Etoiles du sol Dieu d'amour
50%
Bohemian Rap Story Gel douche au chocolat
50%
Message aux anges noirs La maison
50%
Nomad's Land La Résistance
50%
Nomad's Land La vague
50%
Narcozik 1 Le prince noir
50%
Feat Les fleurs poussent en décembre
50%
Narcozik 1 Les oies sauvages
50%
Contes cruels L'oiseau mort
50%
Nomad's Land Loup des steppes
50%
Bohemian Rap Story Maison citrouille
50%
Message aux anges noirs MC
50%
Bohemian Rap Story Me faire la belle
50%
Etoiles du sol Narcozik
50%
Nomad's Land Ode à l'état
50%
Jour de Nuit (Soleil noir) A ceux qui brûlent
0%
Narcozik 2 A l'arrière des bars
0%
Vol de nuit Animals
0%
Nomad's Land Artiste
0%
Vol de nuit Asi es la vida
0%
Jour de Nuit (Soleil noir) Aurore
0%
Etoiles du sol Balalaïka
0%
Contes cruels Bayou
0%
Etoiles du sol Bondie
0%
Etoiles du sol Bouquet d eproses
0%
Bohemian Rap Story Brako
0%
Message aux anges noirs Brûler les illusions
0%
Bohemian Rap Story Chasseur de rimes
0%
Etoiles du sol Cherche l'amour
0%
Nomad's Land Chill Morrisson
0%
Jour de Nuit (Soleil noir) Choses sérieuses
0%
Feat Ciel sauvage
0%
Bohemian Rap Story Crépuscule d'apocalypse
0%
Etoiles du sol Demi monde
0%
Contes cruels Désobéir
0%
Message aux anges noirs Des pommes pourries
0%
Narcozik 2 Dommages collatéraux
0%
Message aux anges noirs Do ré mi
0%
Jour de Nuit (Soleil noir) Éclipse totale
0%
Vol de nuit Espèce à part
0%
Etoiles du sol Etoiles du sol
0%
Jour de Nuit (Soleil noir) Ex
0%
Vol de nuit Explosion de fleurs
0%
Bohemian Rap Story Guillotine
0%
Message aux anges noirs Haa yaa
0%
Narcozik 3 Histoire d'eau
0%
Jour de Nuit (Soleil noir) Homicide
0%
Jour de Nuit (Soleil noir) Inquiétant
0%
Vol de nuit Interlude Don Quichotte
0%
Contes cruels Intro Astro
0%
Message aux anges noirs Journaliste
0%
Narcozik 3 Juste 30 secondes
0%
Contes cruels La couleur des émotions
0%
Feat La Fin des Contes
0%
Vol de nuit La Folia
0%
Bohemian Rap Story Lagrima
0%
Feat La mémoire des jours
0%
Jour de Nuit (Soleil noir) La nuit des dorts vivants
0%
Contes cruels L'astronaute
0%
Message aux anges noirs Le bétail
0%
Narcozik 3 Le Cirque la nuit
0%
Contes cruels Le monstre
0%
Narcozik 2 Le savoir est une arme
0%
Etoiles du sol Les hommes et les armes
0%
Vol de nuit Les monstres
0%
Contes cruels Les rues de ma vie
0%
Contes cruels Le temps des assassins
0%
Narcozik 3 Le Temps perdu
0%
Feat Le tourbillon
0%
Contes cruels Mauvaise graine
0%
Message aux anges noirs Message aux anges noirs
0%
Nomad's Land Milo
0%
Jour de Nuit (Soleil noir) Monument
0%
Narcozik 1 Mr Tosh
0%
Vol de nuit Naufragés
0%
Bohemian Rap Story Palimpseste
0%
Jour de Nuit (Soleil noir) Pamphlet triste
0%
Etoiles du sol Parker Charlie
0%
Nomad's Land Passions tristes
0%
Narcozik 2 Perce neige
0%
Feat Persona Non Grata
0%
Feat Petit miroir
0%
Feat Peut mieux faire
0%
Vol de nuit Pièges à loups
0%
Feat Planète Rash
0%
Nomad's Land Plumes
0%
Etoiles du sol Poupée de son
0%
Narcozik 2 Prenez les escaliers
0%
Jour de Nuit (Soleil noir) Quatre Saisons
0%
Vol de nuit Qui je suis
0%
Message aux anges noirs Radio rap
0%
Etoiles du sol Rap de branleur
0%
Nomad's Land Rap sale
0%
Jour de Nuit (Soleil noir) Roulette Russe
0%
Vol de nuit Sans pluie pas d'arc-en-ciel
0%
Nomad's Land Si ce monde
0%
Contes cruels Si la misère t'amuse
0%
Bohemian Rap Story Si les anges n'ont pas de sexe
0%
Narcozik 3 Sirènes
0%
Vol de nuit Sisyphe
0%
Bohemian Rap Story Soirée noire
0%
Nomad's Land Sous la pluie
0%
Vol de nuit SPQR
0%
Message aux anges noirs Story d'une souris triste
0%
Feat Strasbourg
0%
Jour de Nuit (Soleil noir) Supernova
0%
Feat Toxique
0%
Message aux anges noirs Trois étapes
0%
Bohemian Rap Story Trop jeune pour dormir
0%
Etoiles du sol Un jour d'hiver
0%
Narcozik 1 Utopistes debouts
0%
Aucun quiz correspondant
Distribution des résultats
% des personnes avec chaque résultat
Percentile par nombre de réponses
Votre historique - résultats
Vous n’avez pas pris ce quiz